The 10 Most Expensive Dog Breeds - Statistics

General Stats
  • This quiz has been taken 30 times
  • The average score is 4 of 9
Answer Stats
Picture Hint Answer % Correct
Puppy price: $2,400 to $8,000 Rottweiler
96%
Puppy price: $4,500 and up Akita
88%
Puppy price: $960 to $14,000 Cavalier King Charles Spaniel
68%
Puppy price: $4,000 to $10,000 Samoyed
56%
Puppy price: $2,400 to $3,200 English Bulldog
44%
This breed became the world's most expensive dog when it sold for $1.6 million. Tibetan Mastiff
40%
Puppy price: $3,000 and up Azawakh
16%
Puppy price: $7,200 Canadian Inuit
4%
Puppy price: $4,800 to $8,000 Löwchen
4%
No matching quizzes found
Score Distribution
Percent of People with Each Score
Percentile by Number Answered
Your Score History
You have not taken this quiz